<?xml version="1.0" encoding="UTF-8"?>
<record
    xmlns:xsi="http://www.w3.org/2001/XMLSchema-instance"
    xsi:schemaLocation="http://www.loc.gov/MARC21/slim http://www.loc.gov/standards/marcxml/schema/MARC21slim.xsd"
    xmlns="http://www.loc.gov/MARC21/slim">

  <leader>03577nam a2200289   4500</leader>
  <controlfield tag="003">DO-SdUA</controlfield>
  <controlfield tag="005">20250325093538.0</controlfield>
  <controlfield tag="008">      s2021    dr a|| |||| 0 |a||0|spa d</controlfield>
  <datafield tag="040" ind1=" " ind2=" ">
    <subfield code="a">DO-SdUA</subfield>
    <subfield code="b">spa</subfield>
    <subfield code="c">DO-SdUA</subfield>
  </datafield>
  <datafield tag="041" ind1="0" ind2=" ">
    <subfield code="a">spa</subfield>
  </datafield>
  <datafield tag="092" ind1=" " ind2=" ">
    <subfield code="a">MA-EFD 0004 FCE 2021</subfield>
  </datafield>
  <datafield tag="100" ind1="1" ind2=" ">
    <subfield code="a">And&#xFA;jar M&#xE9;ndez, Maiker </subfield>
  </datafield>
  <datafield tag="245" ind1="1" ind2="0">
    <subfield code="a">Metodolog&#xED;a de la ense&#xF1;anza de la t&#xE9;cnica del saque por arriba en voleibol y su impacto en el aprendizaje de los estudiantes de3ro de secundaria del liceo Mar&#xED;a Marcia Compr&#xE9;s de Vargas, Los Mameyes, Distrito 10-04, a&#xF1;o escolar 2018-2019 /</subfield>
    <subfield code="c">Maiker And&#xFA;jar M&#xE9;ndez.</subfield>
  </datafield>
  <datafield tag="260" ind1=" " ind2=" ">
    <subfield code="a">Santo Domingo :</subfield>
    <subfield code="b">UASD,</subfield>
    <subfield code="c">2021.</subfield>
  </datafield>
  <datafield tag="300" ind1=" " ind2=" ">
    <subfield code="a">71 h. :</subfield>
    <subfield code="b">il.</subfield>
  </datafield>
  <datafield tag="502" ind1=" " ind2=" ">
    <subfield code="a">Tesis y trabajo de grado (Maestr&#xED;a en Educaci&#xF3;n F&#xED;sica y el Deporte)--Universidad Aut&#xF3;noma de Santo Domingo, Santo Domingo,  2021.</subfield>
  </datafield>
  <datafield tag="504" ind1=" " ind2=" ">
    <subfield code="a">Incluye referencias bibliogr&#xE1;ficas y anexos.</subfield>
  </datafield>
  <datafield tag="520" ind1="3" ind2=" ">
    <subfield code="a">El objetivo general de esta investigaci&#xF3;n fue analizar el impacto de la metodolog&#xED;a de la ense&#xF1;anza de la t&#xE9;cnica del saque por arriba en voleibol en el aprendizaje de los estudiantes 3ro del nivel secundario, en el Liceo Mar&#xED;a Marcia Compr&#xE9;s de Vargas, Los Mameyes, a&#xF1;o escolar 2018- 2019. Esta investigaci&#xF3;n es exploratoria con un enfoque mixto y dise&#xF1;o no experimental. La poblaci&#xF3;n estuvo representada por 1 profesor de educaci&#xF3;n f&#xED;sica y 120 estudiantes de tercero de secundaria (36 alumnos de 3ro A, 41 de 3ro B, y 43 de 3ro C). Para la selecci&#xF3;n de la muestra se utiliz&#xF3; el muestreo probabil&#xED;stico, donde los elementos son elegidos de forma aleatoria por medio de una formula estad&#xED;stica. De esta manera, la muestra de alumnos fue de 92. Se utilizaron las t&#xE9;cnicas de la observaci&#xF3;n y la encuesta, y como instrumentos se utilizaron una gu&#xED;a de observaci&#xF3;n y un cuestionario. Se concluye que se evidenci&#xF3; deficiencias en el proceso ense&#xF1;anza-aprendizaje  de car&#xE1;cter te&#xF3;rico-pr&#xE1;ctico en referencia al saque por arriba de tenis en voleibol y sus elementos. Se encontr&#xF3; que los mismos conocen muy poco sobre la conceptualizaci&#xF3;n del fundamento t&#xE9;cnico del saque de tenis, por lo cual su desenvolvimiento directo en la pr&#xE1;ctica constituye otro factor negativo en su aprendizaje de esta pr&#xE1;ctica deportiva escolar. Tambi&#xE9;n, se evidenci&#xF3; desconocimiento en la postura b&#xE1;sica del cuerpo para realizar el gesto t&#xE9;cnico, de manera que no mantienen los pies uno m&#xE1;s adelantado que otro, ni colocan los brazos de manera debida con una correcta inclinaci&#xF3;n, mostrando pocas habilidades de cambio de direcci&#xF3;n. Se recomend&#xF3;: mantenerse a la vanguardia con las actualizaciones de los procesos educativos del Ministerio de Educaci&#xF3;n de la Rep&#xFA;blica Dominicana, MINERD. Utilizar herramientas tecnol&#xF3;gicas con frecuencia que permitan motivar a los estudiantes al aprendizaje de los diversos aspectos del voleibol y cualquier otro deporte escolar que se est&#xE9; impartiendo, garantizando de este modo el desarrollo de su aprendizaje. Organizar actividades deportivas donde se integren a los estudiantes con limitaciones f&#xED;sicas y participen activamente.</subfield>
  </datafield>
  <datafield tag="530" ind1=" " ind2=" ">
    <subfield code="a">Tambi&#xE9;n disponible en CD-ROM (CD MA-EFD 0005 FCE 2021).</subfield>
  </datafield>
  <datafield tag="650" ind1=" " ind2="7">
    <subfield code="2">lemb</subfield>
    <subfield code="9">30024</subfield>
    <subfield code="a">Voleibol</subfield>
    <subfield code="x">Ense&#xF1;anza</subfield>
    <subfield code="x">Metodolog&#xED;a</subfield>
    <subfield code="x">Estrategias y t&#xE9;cnica</subfield>
    <subfield code="x">Investigaciones</subfield>
    <subfield code="y">2018-2019</subfield>
  </datafield>
  <datafield tag="650" ind1=" " ind2="7">
    <subfield code="2">lemb</subfield>
    <subfield code="9">2134</subfield>
    <subfield code="a">Aprendizaje</subfield>
  </datafield>
  <datafield tag="650" ind1=" " ind2="7">
    <subfield code="2">lemb</subfield>
    <subfield code="9">10569</subfield>
    <subfield code="a">Educaci&#xF3;n secundaria</subfield>
  </datafield>
  <datafield tag="650" ind1=" " ind2="7">
    <subfield code="2">lemb</subfield>
    <subfield code="9">50883</subfield>
    <subfield code="a">Liceos</subfield>
  </datafield>
  <datafield tag="651" ind1=" " ind2="0">
    <subfield code="9">58033</subfield>
    <subfield code="a">Municipio Santo Domingo Este</subfield>
    <subfield code="y">2018-2019</subfield>
    <subfield code="z">Los Mameyes</subfield>
  </datafield>
  <datafield tag="830" ind1=" " ind2=" ">
    <subfield code="a">Tesis y disertaciones acad&#xE9;micas (Universidad Aut&#xF3;noma de Santo Domingo)</subfield>
  </datafield>
  <datafield tag="942" ind1=" " ind2=" ">
    <subfield code="2">cl</subfield>
    <subfield code="c">T</subfield>
    <subfield code="n">0</subfield>
  </datafield>
  <datafield tag="999" ind1=" " ind2=" ">
    <subfield code="c">12811</subfield>
    <subfield code="d">12811</subfield>
  </datafield>
</record>
